00000000nam##2200000za#4500
0019.642144
003CaOODSP
00520210624223548
007cr |||||||||||
008150407|2001||||xxc|||||o    f|0| 0 fre|d
040 |aCaOODSP|bfre
043 |an-cn---
0861 |aRH64-89/2001F-PDF
1101 |aCanada.|bDéveloppement des ressources humaines Canada. |bPolitique stratégique.
24510|aProgrammes de la sécurité du revenu - simulations des effets d'incitation des régimes de retraite privés et universels / |h[ressource électronique]|c[par] Évaluation stratégique et suivi du rendement, Évaluation et développement des données. Rédigé par Morley Gunderson.
260 |aOttawa - Ontario : |bDéveloppement des ressources humaines Canada. |cMai 2001.
300 |a38p.|bfigures, tableaux
590 |a13-16-Supp|b2013-07-12
69107|aSécurité du revenu|2gcpds
77508|tIncome security programs - simulations of incentive effects of private and public pensions / |w(CaOODSP)9.698151
85640|ahttp://publications.gc.ca|qPDF|s286 Ko|uhttps://publications.gc.ca/collections/collection_2013/rhdcc-hrsdc/RH64-89-2001-fra.pdf
986 |aSP-AH086-05-01F